书目信息 |
| 题名: |
民族地区资源开发与经济增长
|
|
| 作者: | 杨玉文 著 | |
| 分册: | ||
| 出版信息: | 北京 人民出版社 2013 |
|
| 页数: | 195页 | |
| 开本: | 24cm | |
| 丛书名: | ||
| 单 册: | ||
| 中图分类: | F127.8 | |
| 科图分类: | ||
| 主题词: | 民族地区--资源开发--研究--中国 , 民族地区经济--经济增长--研究--中国 , 民族地区 , 资源开发 , 民族地区经济 , 经济增长 | |
| 电子资源: | ||
| ISBN: | 978-7-01-012614-2 | |
| 000 | 01304nam0 2200301 450 | |
| 001 | 523 | |
| 005 | 20140908162728.56 | |
| 010 | @a978-7-01-012614-2@dCNY37.00 | |
| 100 | @a20131227d2013 em y0chiy50 ea | |
| 101 | 0 | @achi |
| 102 | @aCN@b110000 | |
| 105 | @ay z 000yy | |
| 106 | @ar | |
| 200 | 1 | @a民族地区资源开发与经济增长@AMin Zu Di Qu Zi Yuan Kai Fa Yu Jing Ji Zeng Chang@f杨玉文著@FYang Yu Wen Zhu |
| 210 | @a北京@c人民出版社@d2013 | |
| 215 | @a195页@d24cm | |
| 300 | @a教育部人文社会科学基金青年项目 大连民族学院优秀著作出版基金资助 | |
| 330 | @a本书对民族地区经济增长与资源开发之间的关系提出新的理论和数量分析框架,探寻其内在互动机制并进行实证;利用近年来我国民族地区省际面板数据,在引入相关控制变量的基础上,研究发现民族地区资源禀赋与经济增长之间并非简单的负相关,而是较稳定的倒U型曲线关系;通过分析民族地区资源禀赋对经济增长驱动因子的作用规律,探讨了这一独特的倒U型关系的形成机制;得出结论并提出通过资源开发促进民族地区经济增长的政策建议。 | |
| 606 | 0 | @a民族地区@x资源开发@x研究@y中国 |
| 606 | 0 | @a民族地区经济@x经济增长@x研究@y中国 |
| 606 | 0 | @a民族地区 |
| 606 | 0 | @a资源开发 |
| 606 | 0 | @a民族地区经济 |
| 606 | 0 | @a经济增长 |
| 690 | @aF127.8@v5 | |
| 701 | 0 | @a杨玉文@AYang Yu Wen@c(经济学)@4著 |
| 801 | 0 | @aCN@bTANGWEI@c20140603 |
| 905 | @b0840884-86@dF127.8@e239@f3 | |
| 民族地区资源开发与经济增长/杨玉文著.-北京:人民出版社,2013 |
| 195页;24cm |
| 教育部人文社会科学基金青年项目 大连民族学院优秀著作出版基金资助 |
| ISBN 978-7-01-012614-2:CNY37.00 |
| 本书对民族地区经济增长与资源开发之间的关系提出新的理论和数量分析框架,探寻其内在互动机制并进行实证;利用近年来我国民族地区省际面板数据,在引入相关控制变量的基础上,研究发现民族地区资源禀赋与经济增长之间并非简单的负相关,而是较稳定的倒U型曲线关系;通过分析民族地区资源禀赋对经济增长驱动因子的作用规律,探讨了这一独特的倒U型关系的形成机制;得出结论并提出通过资源开发促进民族地区经济增长的政策建议。 |
| ● |
| 相关链接 |
|
|
|
|
正题名:民族地区资源开发与经济增长
索取号:F127.8/239
 
预约/预借
| 序号 | 登录号 | 条形码 | 馆藏地/架位号 | 状态 | 备注 |
| 1 | 0840884 | 208408846 | 第一样本阅览室/ [索取号:F127.8/239] | 在馆 | |
| 2 | 0840885 | 208408855 | 密集书库-海洋学院/ [索取号:F127.8/239] | 在馆 | |
| 3 | 0840886 | 208408864 | 第一借阅区/ [索取号:F127.8/239] | 在馆 |